000 00652nam a22002297a 4500
003 UA-OsUOA
001 125001
007 ta
008 20170831b un ||||| |||| 00| 0 ukr d
090 _a008(477+100)
_bУ45
942 _cBK
040 _aUA-OsUOA
_bukr
_cUA-OsUOA
_dUA-OsUOA
245 _aУкраїнська та зарубіжна культура
_bнавчальний посібник
300 _a622 с.
955 _a2
041 _aukr
080 _a008(477+100)
020 _a966-7293-97-1
260 _aК.
_bЗнання
_c2000
650 7 _a008 Цивілізація. Культура. Прогрес
_2UDC
999 _c412201
_d412201